000 00904nam a22003017a 4500
003 CHAP
005 20220329135824.0
008 971013s1932 r 00010 d
010 _a42846
011 _a43818
035 _a47955
040 _cCHAP
090 _aTesis
100 0 0 _aPeña S., Bernabé.
_986835
245 _aObservaciones al cultivo de papa en el estado de Tlaxcala
260 _aChapingo, Méx. :
_bEl autor,
_c1932
300 _a76 p.
_b: ilus.
502 _aTesis (Ing. Agr. Esp. en Fitotecnia
590 _aALEPH
_b10
_c20130110
_lUCH01
_h1311
590 _aBATCH-UPD
_b10
_c20130110
_lUCH01
_h1545
590 _aBATCH-UPD
_b10
_c20130410
_lUCH01
_h0945
590 _aBATCH-UPD
_b10
_c20130914
_lUCH01
_h1858
590 _aCONVERSION
_b10
_c20130109
_lUCH01
_h1324
650 1 4 _aPapa
_xTlaxcala.
_985294
901 _aBK
942 _cTESIS
949 _bBC
_cTES
_d-108801
_eTS1
_i47955
_si
999 _c42846
_d42846